Wordnet: an electronic lexical database
Saved in:
| Hovedforfatter: | |
|---|---|
| Format: | Bog |
| Sprog: | engelsk |
| Udgivet: |
Cambridge
The MIT Press
1998
|
| Serier: | Language, Speech and Communication
|
| Fag: | |
| Tags: |
Tilføj Tag
Ingen Tags, Vær først til at tagge denne postø!
|
MARC
| LEADER | 00000nam a2200000 a 4500 | ||
|---|---|---|---|
| 001 | UCI6513 | ||
| 003 | CL-VaPUC | ||
| 008 | 080509e19980000US |||||||||||||||||eng|d | ||
| 020 | |a 026206197X | ||
| 082 | 0 | 4 | |a 410.285 |b FEL |2 21 |
| 100 | 0 | |a Fellbaum, Christiane |e author |9 529427 | |
| 245 | 1 | 0 | |a Wordnet: an electronic lexical database |
| 300 | |a 423 p | ||
| 942 | |c BK | ||
| 945 | |d 20080509 00:00:00 |a jtorresc | ||
| 260 | |a Cambridge |b The MIT Press |c 1998 | ||
| 650 | 7 | |a LINGUISTICA COMPUTACIONAL |2 CL-VaPUC |9 529428 | |
| 650 | 0 | |a Proceso de datos |9 259776 | |
| 650 | 0 | |a Lexicología |9 323170 | |
| 650 | 0 | |a Semántica |9 265318 | |
| 650 | 0 | |a Lengua inglesa |9 318842 | |
| 583 | |a last modification |c 20080509 00:00:00 |k Rodrigo Vera | ||
| 490 | 0 | |a Language, Speech and Communication | |
| 999 | |c 329986 |d 329984 | ||
| 952 | |0 0 |1 0 |4 0 |6 410_285000000000000_FEL_1998 |7 0 |8 A |9 415259 |a FDOPOS |b FDOPOS |d 2019-11-22 |i 4437535 |o 410.285 FEL 1998 |p 4437535 |r 2025-01-22 |w 2019-11-22 |y BK |k MLA | ||